00397nam a22001457a 4500020001800000040000900018082001600027100002500043245006400068260004400132300001200176650001800188942002600206999001900232 a9781408855676 cNUST a823.914,ROW aRowling, J.K.911309 aHarry Potter: band the prisoner of Azkaban /cJ.k. Rowling aUK bBloomsbury Children's Books c2014 a461 p.; aNoval9107828 2ddccFICk823.914,ROW c617394d617394